Reimagining literacies in the digital age : (Record no. 84326)

MARC details
000 -LEADER
fixed length control field 02158cam a2200445 i 4500
001 - CONTROL NUMBER
control field GVRL53UN
003 - CONTROL NUMBER IDENTIFIER
control field MiFhGG
005 - DATE AND TIME OF LATEST TRANSACTION
control field 20250820004435.0
006 - FIXED-LENGTH DATA ELEMENTS--ADDITIONAL MATERIAL CHARACTERISTICS
fixed length control field m o d
007 - PHYSICAL DESCRIPTION FIXED FIELD--GENERAL INFORMATION
fixed length control field cr un ---uuuua
008 - FIXED-LENGTH DATA ELEMENTS--GENERAL INFORMATION
fixed length control field 220912t20222022ilua o 000 0 eng d
020 ## - INTERNATIONAL STANDARD BOOK NUMBER
International Standard Book Number 9780814132029
Qualifying information (electronic book)
020 ## - INTERNATIONAL STANDARD BOOK NUMBER
Canceled/invalid ISBN 9780814132012
Qualifying information (paperback)
020 ## - INTERNATIONAL STANDARD BOOK NUMBER
Canceled/invalid ISBN 9780814132036
Qualifying information (epub)
035 ## - SYSTEM CONTROL NUMBER
System control number (OCoLC)1356736484
040 ## - CATALOGING SOURCE
Original cataloging agency MiFhGG
Language of cataloging eng
Transcribing agency MiFhGG
Description conventions rda
-- pn
050 #4 - LIBRARY OF CONGRESS CALL NUMBER
Classification number LC149.5
Item number .S36 2022
100 1# - MAIN ENTRY--PERSONAL NAME
Personal name Schmidt, Pauline S,
Dates associated with a name 1973-
Relator term author.
245 10 - TITLE STATEMENT
Title Reimagining literacies in the digital age :
Remainder of title multimodal strategies to teach with technology /
Statement of responsibility, etc. Pauline S. Schmidt, Matthew J. Kruger-Ross.
250 ## - EDITION STATEMENT
Edition statement First edition.
264 #1 - PRODUCTION, PUBLICATION, DISTRIBUTION, MANUFACTURE, AND COPYRIGHT NOTICE
Place of production, publication, distribution, manufacture Champaign :
Name of producer, publisher, distributor, manufacturer National Council of Teachers of English,
Date of production, publication, distribution, manufacture, or copyright notice [2022]
264 #4 - PRODUCTION, PUBLICATION, DISTRIBUTION, MANUFACTURE, AND COPYRIGHT NOTICE
Date of production, publication, distribution, manufacture, or copyright notice ©2022
300 ## - PHYSICAL DESCRIPTION
Extent 1 online resource (xxix, 181 pages) :
Other physical details illustrations.
336 ## - CONTENT TYPE
Content type term text
Content type code txt
Source rdacontent
337 ## - MEDIA TYPE
Media type term computer
Media type code c
Source rdamedia
338 ## - CARRIER TYPE
Carrier type term online resource
Carrier type code cr
Source rdacarrier
490 0# - SERIES STATEMENT
Series statement Principles in practice : technology in the classroom
490 0# - SERIES STATEMENT
Series statement Gale eBooks
505 0# - FORMATTED CONTENTS NOTE
Formatted contents note pt. I. Foundations -- pt. II. Visual literacies -- pt. III. Aural literacies -- pt. IV. Multimodal literacies -- pt. V. Final thoughts.
520 ## - SUMMARY, ETC.
Summary, etc. This book advocates for a slower and more deliberate approach to thinking and planning for teaching literacies. It showcases how technologies can expand, enhance, and inspire the consuming and producing powers of secondary students by examining visual and aural literacies before multimodal literacies.
588 ## - SOURCE OF DESCRIPTION NOTE
Source of description note Description based on print version record.
650 #0 - SUBJECT ADDED ENTRY--TOPICAL TERM
Topical term or geographic name entry element Computers and literacy.
650 #0 - SUBJECT ADDED ENTRY--TOPICAL TERM
Topical term or geographic name entry element Literacy
General subdivision Study and teaching.
700 1# - ADDED ENTRY--PERSONAL NAME
Personal name Kruger-Ross, Matthew J,
Dates associated with a name 1983-
Relator term author.
710 2# - ADDED ENTRY--CORPORATE NAME
Corporate name or jurisdiction name as entry element Gale (Firm)
776 08 - ADDITIONAL PHYSICAL FORM ENTRY
Relationship information Print version:
Title Reimagining literacies in the digital age.
Place, publisher, and date of publication Champaign : National Council of Teachers of English, [2022]
International Standard Book Number 9780814132012
Record control number (DLC) 2022946264
856 40 - ELECTRONIC LOCATION AND ACCESS
Uniform Resource Identifier <a href="https://link.gale.com/apps/pub/53UN/GVRL?sid=gale_marc&u=phurs">https://link.gale.com/apps/pub/53UN/GVRL?sid=gale_marc&u=phurs</a>
Public note Available via Gale eBooks. Click here to access
912 ## -
-- 53UN
942 ## - ADDED ENTRY ELEMENTS (KOHA)
Source of classification or shelving scheme Library of Congress Classification
Koha item type E-Book
Holdings
Withdrawn status Source of classification or shelving scheme Damaged status Not for loan Home library Current library Date acquired Total Checkouts Date last seen Price effective from Koha item type
  Library of Congress Classification     E-Books Gale E-Books Gale 08/19/2025   08/19/2025 08/19/2025 E-Book

University of Rizal System
Email us at univlibservices@urs.edu.ph

Visit our Website www.urs.edu.ph/library